La leyenda del Rey Arturo /
La vida de Arturo, rey de los britanos, inspiró desde el siglo VII relatos muy diversos. En ellos se cruzan los nombres del mago Merlín, sir Lancelot, la reina Ginebra, la espada Excalibur, el Santo Grial y el castillo de Camelot, que nos permiten reconstruir aquel mundo mágico y misterioso de la Ed...
Guardado en:
| Autor Principal: | |
|---|---|
| Otros Autores: | , |
| Formato: | Libro |
| Idioma: | Undetermined |
| Publicado: |
Buenos Aires :
AGEA,
2004.
|
| Edición: | 1a ed. |
| Series: | Enseñar 2do ciclo
|
| Materias: | |
| Etiquetas: |
Agregar Etiqueta
Sin Etiquetas, Sea el primero en etiquetar este registro!
|
| LEADER | 01284nam a22002895a 4500 | ||
|---|---|---|---|
| 001 | CEM.cems021210 | ||
| 008 | 240605s2004####ag############000#0#und#d | ||
| 005 | 20240605152127.0 | ||
| 245 | 1 | 0 | |a La leyenda del Rey Arturo / |c Anónimo ; adaptado por Jorge Aulicino ; ilustrado por Ignacio Noé. |
| 250 | |a 1a ed. | ||
| 260 | |a Buenos Aires : |b AGEA, |c 2004. | ||
| 300 | |a 64 p. | ||
| 490 | 1 | |a Enseñar 2do ciclo | |
| 500 | |a Basado en textos antiguos y relatos de Howard Pyle y John Steinbeck. | ||
| 520 | |a La vida de Arturo, rey de los britanos, inspiró desde el siglo VII relatos muy diversos. En ellos se cruzan los nombres del mago Merlín, sir Lancelot, la reina Ginebra, la espada Excalibur, el Santo Grial y el castillo de Camelot, que nos permiten reconstruir aquel mundo mágico y misterioso de la Edad Media. | ||
| 020 | |a 9507824693 | ||
| 100 | 1 | |a Anónimo. | |
| 700 | 1 | |a Aulicino, Jorge; adapt. | |
| 700 | 1 | |a Noé, Ignacio; il. | |
| 653 | |a Literatura infantil | ||
| 653 | |a Literatura juvenil | ||
| 653 | |a Novela juvenil | ||
| 653 | |a Novela infantil | ||
| 653 | |a Mitología celta | ||
| 653 | |a Literatura celta | ||
| 859 | |a CEMS |b BIB. CEMS - Inicial y Primaria |h 891.628 |i Au52 |k IP |p 2982 |t Ej.1 | ||
| 859 | |a CEMS |b BIB. CEMS - Inicial y Primaria |h 891.628 |i Au52 |k IP |p 6797 |t Ej.2 | ||
